Sanat - "Tonttuparaati" - Statistics

Yleistilastot
  • Tätä visaa on pelattu 3 kertaa
  • Keskiarvotulos 96 / 178
Vastaustilastot
Vastaus % Oikein
ja
100%
Jo
100%
jo
100%
kiire
100%
on
100%
tonttu
100%
tuo
100%
ahkerassa
67%
aikataulujen
67%
heijaa
67%
joulupukki
67%
juhlakuntoon
67%
kaksittain
67%
katsastaa
67%
käy
67%
komentaa
67%
kun
67%
kuopii
67%
kuormatkaa
67%
laitettu
67%
lunta
67%
matkaan
67%
Näin
67%
nenäliina
67%
niin
67%
nyt
67%
pakkaamaan
67%
parrat
67%
pärskii
67%
partojen
67%
pipolakki
67%
pitkän
67%
porot
67%
pulkat
67%
punatakki
67%
ratsastaa
67%
retken
67%
rinnakkain
67%
rivi
67%
saa
67%
selvä
67%
sitokaa
67%
suora
67%
taitettu
67%
täsmälleen
67%
tonttulassa
67%
tontun
67%
vain
67%
Valjastaa
67%
valkoinen
67%
vilkkaa
67%
haan
33%
huomio
33%
hyörinä
33%
hyvyyttä
33%
itse
33%
jäävät
33%
jaloa
33%
joukkoaan
33%
joukot
33%
jouluiltaan
33%
joulukiireen
33%
katse
33%
kiiruhtaa
33%
kilkattaa
33%
kiltit
33%
kolkuttaa
33%
Korvatunturiltaan
33%
korvatunturiltaan
33%
kukkulavyön
33%
kuljettaa
33%
kulkuset
33%
kuusen
33%
lahjaksensa
33%
lahjoja
33%
lähtöhetken
33%
läpi
33%
lapset
33%
loistaa
33%
maan
33%
metsän
33%
nopeaan
33%
oikeaan
33%
peninkulmat
33%
poroa
33%
pulkassaan
33%
pyörinä
33%
saapuvat
33%
sama
33%
taa
33%
tähtien
33%
tahtiin
33%
takataskuun
33%
taukoaa
33%
tie
33%
Tonttujoukko
33%
tontut
33%
tuhatkunta
33%
tuiskuna
33%
tummaan
33%
tuodessa
33%
tuomaan
33%
työt
33%
ukkojen
33%
valoa
33%
valot
33%
vie
33%
Yhä
33%
yhä
33%
yli
33%
yön
33%
ajo
0%
hymyä
0%
juhlamielen
0%
lämmintä
0%
myös
0%
Ehtoja vastaavia visoja ei löytynyt
Tulosjakauma
Jokaisen tuloksen saaneiden osuus
Persentiili vastausten määrän mukaan
Tuloshistoriasi
Et ole pelannut tätä visaa